Can landlords get a slice of the action? (Record no. 70657)
[ view plain ]
| 000 -LEADER | |
|---|---|
| fixed length control field | 01127cam a2200229 4500 |
| 001 - CONTROL NUMBER | |
| control field | ABS65633 |
| 008 - FIXED-LENGTH DATA ELEMENTS--GENERAL INFORMATION | |
| fixed length control field | 020702n2002 000 0 eng u |
| 035 ## - SYSTEM CONTROL NUMBER | |
| System control number | (Sirsi) u118651 |
| 100 ## - MAIN ENTRY--PERSONAL NAME | |
| Personal name | Eade, C. |
| 245 ## - TITLE STATEMENT | |
| Title | Can landlords get a slice of the action? |
| 260 ## - PUBLICATION, DISTRIBUTION, ETC. | |
| Date of publication, distribution, etc. | 2002 |
| 490 ## - SERIES STATEMENT | |
| Series statement | Property Week |
| Volume/sequential designation | 67(22) 40-48(4) |
| 520 ## - SUMMARY, ETC. | |
| Summary, etc. | Discusses recent disputes with landlords and supermarkets which have seen unfavourable amounts of rent given to various owners such as British Land. In a dispute with Sainsbury's rent review surveyors went closer with what Sainsbury's was due to pay than what British Land were asking. In an attempt to increase rental growth, British Land has adopted an affordability model created by the Oxford Retail Group which would as an example see British Land take the profit of a supermarket chain divide it by the number of stores and then attempt to enforce the new rent. |
| 590 ## - LOCAL NOTE (RLIN) | |
| Local note | ABS |
| 650 ## - SUBJECT ADDED ENTRY--TOPICAL TERM | |
| Topical term or geographic name entry element | RENT REVIEWS |
| 650 ## - SUBJECT ADDED ENTRY--TOPICAL TERM | |
| Topical term or geographic name entry element | SUPERMARKETS |
| 650 ## - SUBJECT ADDED ENTRY--TOPICAL TERM | |
| Topical term or geographic name entry element | SAINSBURYS |
| 650 ## - SUBJECT ADDED ENTRY--TOPICAL TERM | |
| Topical term or geographic name entry element | BRITISH LAND |
| 650 ## - SUBJECT ADDED ENTRY--TOPICAL TERM | |
| Topical term or geographic name entry element | RENT INCREASES |
| 690 ## - LOCAL SUBJECT ADDED ENTRY--TOPICAL TERM (OCLC, RLIN) | |
| Topical term or geographic name as entry element | LANDLORD AND TENANT-RENT REVIEWS |
| 942 ## - ADDED ENTRY ELEMENTS (KOHA) | |
| Suppress in OPAC | 0 |
| Withdrawn status | Lost status | Source of classification or shelving scheme | Damaged status | Not for loan | Home library | Current library | Shelving location | Date acquired | Total Checkouts | Full call number | Barcode | Date last seen | Copy number | Price effective from | Koha item type |
|---|---|---|---|---|---|---|---|---|---|---|---|---|---|---|---|
| Dewey Decimal Classification | London | London | Journal article | 02/07/2002 | ABS65633 | 118651-1001 | 06/08/2019 | 1 | 06/08/2019 | Journal article |